Sobre un problema de círculo límite dentro de la teoría de Weyl-Stone /

Guardado en:
Autor Principal: Piovan, Luis Amadeo.
Autor Corporativo: Universidad Nacional del Sur. Departamento de Ciencias Exactas.
Otros Autores: Panzone, R.
Formato: Libro
Idioma:Spanish
Publicado: [1983?].
Materias:
Etiquetas: Agregar Etiqueta
Sin Etiquetas, Sea el primero en etiquetar este registro!
LEADER 00995nam a22002295a 4500
001 MAT.inmabb007025
008 041125s1983####ag#######bm###000#0#spa#d
005 20180221113341.0
245 1 0 |a Sobre un problema de círculo límite dentro de la teoría de Weyl-Stone /  |c Luis Amadeo Piovan ; realizada bajo la dirección del Dr. Rafael Panzone. 
260 |c [1983?]. 
300 |a 91 h. 
500 |a "Memoria presentada para optar al grado de Magíster en Matemáticas". 
502 |a Tesis (magíster)--Universidad Nacional del Sur. Departamento de Ciencias Exactas, 1983. 
504 |a Incluye referencias bibliográficas (p. 89-91). 
100 1 |a Piovan, Luis Amadeo. 
700 1 |a Panzone, R.  |q (Rafael) 
710 2 |a Universidad Nacional del Sur.  |b Departamento de Ciencias Exactas. 
082 0 4 |a 040  |a 15 
082 0 4 |a 517.8  |a 15 
650 7 |a Matemáticas.  |2 unbist 
859 |a Ar-BaUNS  |b BIB. MATEMATICA  |h 040  |i B148 1983-88  |k R  |p A-8968 
859 |a Ar-BaUNS  |b BIB. MATEMATICA  |h 040  |i B148 1983-88  |p 115270/005